000 00956nam a2200289Ia 4500
003 OSt
005 20221005111623.0
006 a|||||r|||| 00| 0
007 ta
008 221004b |||||||| |||| 00| 0 tam d
024 _a109403
037 _cTextual
040 _aCRL
_cCRL
_btam
041 _2tam
_atam
082 _aO31,1G25,KR, 152K3.1-.2
100 _aकंवन
245 0 _aकंब रामायण
246 _aKanba rāmāyaṇa
260 _aपटना
_bबिहार - राष्ट्रभाषा - परिषद् भारत
_c1963
300 _a603पृ0
_ccm.
490 _vभाग 1
650 _a तमिल साहित्य
650 _aतमिल कविता
700 _a अवधनन्दन, संपा.
942 _hO31,1G25,KR, 152K3.1-.2
_cTEXL
_2cc
999 _c1022376
_d1022376